Представление документа в формате RUSMARC

ПолеНазваниеЗначение
  Тип записи a
  Библиографический уровень m
001 Контрольный номер RU/REG73/CBS_GRAD/1/712806109
005 Дата корректировки 20221122154846.8
010 Индекс ISBN __
a ISBN 978-5-17-111518-0
101 Язык документа __
a Язык текста rus
200 Заглавие и сведения об ответственности __
a Заглавие Научные эксперименты по физике для детей и взрослых
f Первые сведения об ответственности Л. Д. Вайткене, К. С. Аниашвили
b Общее обозначение материала Текст
203 Вид содержания и тип средства __
a Вид содержания Текст (визуальный) : непосредственный
210 Выходные данные __
a Место издания Москва
c Издательство АСТ
d Дата издания 2019
215 Физическое описание __
a Объем 128 с.
c Иллюстрации/тип воспроизводства ил.
225 Серия __
a Серия Научная семейка профессора Перельмана
333 Примечание о целевом назначении __
a Примечание о целевом назначении 12+
686 Индексы других классификаций __
a Классификационный индекс 20
700 Автор __
a Фамилия Вайткене
g Полное личное имя Любовь Дмитриевна
801 Источник записи _0
a Страна RU
b Организация RuCBSGrad
g Правила каталогизации PSBO
801 Источник записи _1
a Страна RU
b Организация RuCBSGrad
g Правила каталогизации PSBO
901 Тип документа __
t Тип документа m
981 __
b i
2 isbdcontent
g e
982 __
b n
2 isbdmedia